Novelas das 6 horas exibidas pela Rede Globo - Statistics

Estatísticas Gerais
  • Esse quiz foi jogado 968 vezes
    410 desde o último reset
  • A pontuação média é 50 de 101
Estatísticas das Respostas
Ano Novela % Correto
2005 - 2006 Alma Gêmea
78%
1979 | 2004 Cabocla
75%
2003 - 2004 Chocolate com Pimenta
75%
2016 Êta Mundo Bom
75%
2000 - 2001 O Cravo e a Rosa
72%
1986 | 2006 Sinhá Moça
72%
2011 Cordel Encantado
68%
2019 - 2020 Éramos Seis
66%
1971 - 1972 | 2014 Meu Pedacinho de Chão
66%
2006 - 2007 O Profeta
65%
2011 - 2012 A Vida da Gente
63%
2021 - 2022 Nos Tempos do Imperador
62%
2002 Coração de Estudante
61%
1993 Mulheres de Areia
61%
1997 - 1998 Anjo Mau
60%
1982 - 1982 | 2009 Paraíso
60%
2004 - 2005 Como uma Onda
59%
2001 Estrela-Guia
59%
1995 - 1996 História de Amor
58%
2017 Novo Mundo
58%
2015 - 2016 Além do Tempo
57%
2009 - 2010 Cama de Gato
57%
1998 Era uma Vez...
57%
2013 - 2014 Joia Rara
57%
2024 No Rancho Fundo
56%
2003 Agora é que são Elas
55%
2001 - 2002 A Padroeira
55%
2007 - 2008 Desejo Proibido
55%
2023 - 2024 Elas por Elas
55%
1991 - 1992 Felicidade
55%
2022 - 2023 Mar do Sertão
55%
2019 Órfãos da Terra
55%
2010 Escrito nas Estrelas
54%
2000 Esplendor
54%
2013 Flor do Caribe
54%
1995 Irmãos Coragem
54%
2012 - 2013 Lado a Lado
54%
2008 - 2009 Negócio da China
54%
2015 Sete Vidas
54%
1999 - 2000 Força de um Desejo
53%
1985 A Gata Comeu
52%
1981 | 2008 Ciranda de Pedra
52%
1994 Tropicaliente
52%
2010 - 2011 Araguaia
51%
1990 - 1991 Barriga de Aluguel
51%
2016 - 2017 Sol Nascente
51%
1976 - 1977 Escrava Isaura
50%
2018 - 2019 Espelho da Vida
50%
2007 Eterna Magia
50%
2002 - 2003 Sabor da Paixão
50%
1993 - 1994 Sonho Meu
50%
1992 - 1993 Despedida de Solteiro
48%
2018 Orgulho e Paixão
48%
1998 - 1999 Pecado Capital
48%
2012 Amor Eterno Amor
47%
1988 Fera Radical
47%
2022 Além da Ilusão
45%
1987 - 1988 Bambolê
45%
2024 - 2025 Garota do Momento
45%
1983 Pão Pão, Beijo Beijo
45%
1996 Quem é Você?
43%
1975 Senhora
43%
1996 - 1997 Anjo de Mim
42%
1985 - 1986 De Quina pra Lua
42%
1987 Direito de Amar
42%
1990 Gente Fina
42%
1984 - 1985 Livre para Voar
42%
1989 - 1990 O Sexo dos Anjos
42%
1972 - 1973 A Patota
41%
1997 O Amor Está no Ar
41%
1991 Salomé
41%
1988 - 1989 Vida Nova
40%
1984 Amor com Amor se Paga
39%
1975 - 1976 A Moreninha
39%
2023 Amor Perfeito
39%
2014 - 2015 Boogie Oogie
39%
1980 Marina
39%
1989 Pacto de Sangue
39%
1980 - 1981 As Três Marias
37%
1976 O Feijão e o Sonho
37%
1977 - 1978 Sinhazinha Flô
37%
1979 Memórias de Amor
36%
1980 Olhai os Lírios do Campo
36%
1983 - 1984 Voltei pra Você
35%
1978 - 1979 A Sucessora
34%
2017 - 2018 Tempo de Amar
34%
1975 Helena
33%
1982 O Homem Proibido
33%
1981 - 1982 Terras do Sem-Fim
31%
1978 Gina
29%
1977 À Sombra dos Laranjais
22%
1975 O Noviço
22%
1977 Dona Xepa
21%
1972 Bicho do Mato
19%
1978 Maria, Maria
18%
1976 Vejo a Lua no Céu
13%
Nenhum quiz correspondente encontrado
Distribuição das Pontuações
Porcentagem de Pessoas com Cada Pontuação
Percentil de Números Respondidos
Sua Pontuação Histórica
Você não jogou esse quiz desde o último reset